000 00837nam a2200253Ia 4500
003 OSt
005 20221005043004.0
006 a|||||r|||| 00| 0
007 ta
008 221004b |||||||| |||| 00| 0 eng d
020 _a9780748656165 (hbk)
_c1673.96
024 _a1590
037 _b10732, 22/08/2012, Elite Publishers Distributors
_cTextual
040 _aCRL
_cCRL
_beng
041 _2eng
_aeng
082 _aO111,1:g(P), Q2
100 _aJones Tom
_922931
245 0 _aPoetic language
_b Theory and practice from the renaissance to the present
260 _aEdinburgh
_bEdinburgh University Press UK
_c2012
300 _avii, 207p.
_ccm.
650 _aENGLISH LITERATURE
942 _hO111,1:g(P), Q2
_cTEXL
_2cc
999 _c951117
_d951117